| 000 | 00991cam a22002174a 4500 | ||
|---|---|---|---|
| 005 | 20250605163920.0 | ||
| 008 | 250528s ||||||||||||||||||||||||d | ||
| 035 | _a14376 | ||
| 020 | _a415086736 | ||
| 040 |
_aGR-AtMCL _bgre _dGR-AtMCL _eAACR2 |
||
| 245 | 1 | _aThe Macroeconomy / A Guide for Business | |
| 250 | _a2nd | ||
| 260 |
_bRouledge, _c1993 |
||
| 300 | _a158 | ||
| 520 | _aA unique approach to the macroeconomic environment from a business perspective. Glossary, Introduction, Economic Foundations, Risk and Its Impact on Business, The Use of Forecasts, The International Environment 1: The Influence of Exchange Rates on Business, The International Environment 2: The Determination of Exchange Rates, The Financial Environment, Wages and Prices, Monetary and Fiscal Policy and the European Monetary System, The Role of Policy, Overview, References, Index. | ||
| 700 | 1 |
_aCuthbertson Keith _911 |
|
| 700 | 1 |
_aGripaios Peter _912 |
|
| 942 | _cBK | ||
| 999 |
_c11 _d11 |
||